000 00928nam a2200253Ia 4500
003 OSt
005 20220923225256.0
006 a|||||r|||| 00| 0
007 ta
008 220922b |||||||| |||| 00| 0 hin d
024 _a261,995
037 _cTextual
040 _aARTS
_cARTS
_bhin
041 _2hin
_ahin
082 _aQ2:332:g, N4
100 _aवेदालंकार, रघुवीर, संपा.
245 0 _aविद्यानन्द सरस्वती अभिनन्दनग्रन्थ
246 _aVidyānanda sarasvatī abhinandanagrantha
260 _aदिल्ली
_b स्वामीविद्यानन्द अभिनन्दन समिति
_c1994
300 _a220पृ.
_ccm.
650 _aधर्म
942 _hQ2:332:g, N4
_cTEXL
_2CC
999 _c377192
_d377192